Vojenské mapovanie na Slovensku 1769 - 1883 /
Guardado en:
| Autores principales: | , |
|---|---|
| Formato: | Libro |
| Lenguaje: | eslovaco |
| Publicado: |
Bratislava:
Pamiatkový úrad Slovenskej republiky,
2013
|
| Edición: | 2. vyd. |
| Materias: | |
| Etiquetas: |
Sin Etiquetas, Sea el primero en etiquetar este registro!
|
MARC
| LEADER | 00000nam a22000003a 4500 | ||
|---|---|---|---|
| 001 | 0085666 | ||
| 003 | SK-STU | ||
| 005 | 20201217151203.4 | ||
| 007 | ta | ||
| 008 | 201217s ----xo-----e------000-0-----d | ||
| 020 | |a 978-80-89175-56-7 | ||
| 040 | |a STU |b slo | ||
| 041 | 0 | |a slo |h slo | |
| 044 | |a xr | ||
| 100 | 1 | |a Jankó, Annamária |4 aut | |
| 245 | 1 | 0 | |a Vojenské mapovanie na Slovensku 1769 - 1883 / |c aut. Annamária Jankó, Bronislava Porubská |
| 250 | |a 2. vyd. | ||
| 260 | |a Bratislava: |b Pamiatkový úrad Slovenskej republiky, |c 2013 | ||
| 300 | |a 144 s. | ||
| 650 | 0 | 7 | |a mapy vojenské |
| 650 | 0 | 7 | |a Slovensko geografia |
| 650 | 0 | 7 | |a história |
| 700 | 1 | |a Porubská, Bronislava |4 aut | |
| 996 | |c V* 53094/O-24254 |l VV6 |s P |a 0 |w 0085666_0001 | ||